000 00452cam a22001934a 4500
005 20250605164301.0
008 250528s ||||||||||||||||||||||||d
035 _a22080
020 _a9780631162940
040 _aGR-AtMCL
_bgre
_dGR-AtMCL
_eAACR2
245 1 _aTHE CONDITION OF POSTMODERNITY
250 _a1
260 _bBlackwell,
_c1990
300 _a378
700 1 _aHarvey David
_9116
942 _cBK
999 _c7136
_d7136